SPF (Record no. 120691)

MARC details
000 -LEADER
fixed length control field 00766cai a22001815a 4500
001 - CONTROL NUMBER
control field E144716
008 - FIXED-LENGTH DATA ELEMENTS--GENERAL INFORMATION
fixed length control field 080806u xxk g 000 0 eng d
035 ## - SYSTEM CONTROL NUMBER
System control number (Sirsi) u144716
041 0# - LANGUAGE CODE
Language code of text/sound track or separate title eng
110 2# - MAIN ENTRY--CORPORATE NAME
Corporate name or jurisdiction name as entry element Scottish Property Federation
9 (RLIN) 5359
245 00 - TITLE STATEMENT
Title SPF
Remainder of title Scottish Property Federation
Medium [electronic resource]
520 ## - SUMMARY, ETC.
Summary, etc. Website of the Scottish Property Federation, which represents its members from the commercial property sector. Includes links to relevant research and publications, as well as news and comment.
590 ## - LOCAL NOTE (RLIN)
Local note KA
651 #4 - SUBJECT ADDED ENTRY--GEOGRAPHIC NAME
Geographic name Scotland
Chronological subdivision 1999-
690 ## - LOCAL SUBJECT ADDED ENTRY--TOPICAL TERM (OCLC, RLIN)
Topical term or geographic name as entry element PROPERTY-COMMERCIAL PROPERTY
856 40 - ELECTRONIC LOCATION AND ACCESS
Uniform Resource Identifier <a href="https://www.scottishpropertyfederation.org.uk/">https://www.scottishpropertyfederation.org.uk/</a>
Public note View the website free of charge at www.scottishpropertyfederation.org.uk...
942 ## - ADDED ENTRY ELEMENTS (KOHA)
Suppress in OPAC 0
Holdings
Withdrawn status Lost status Source of classification or shelving scheme Damaged status Not for loan Home library Current library Shelving location Date acquired Total Checkouts Full call number Barcode Date last seen Copy number Price effective from Koha item type
    Dewey Decimal Classification     Virtual Virtual Online 06/08/2008   WEBSITE 144716-2001 06/08/2019 1 06/08/2019 Online material